Načítá se...

Team Management

Podrobná bibliografie
Hlavní autor: Roger Stewart
Médium: Printed Book
Vydáno: New Delhi Infinity Books 2006
Témata:
LEADER 00488nam a22001457a 4500
020 |a 81-7929-177-4 
082 |a 658.4022  |b STE/T 
100 |a  Roger Stewart   |9 176879 
245 |a Team Management  
260 |a New Delhi  |b Infinity Books  |c 2006 
300 |a xxx+530p. 
650 |a Team Management   |9 176880 
942 |c BK 
999 |c 190882  |d 190878 
952 |0 0  |1 0  |4 0  |6 658_402200000000000_STE_T  |7 0  |8 NFIC  |9 191514  |a SMBS  |b SMBS  |c GEN  |d 2015-08-17  |g 400.00  |l 0  |o 658.4022 STE/T  |p SMBS1569  |r 2015-08-17  |w 2015-08-17  |y BK